000 00603nam a2200229Ia 4500
005 20241129111333.0
008 241129s9999||||xx |||||||||||||| ||und||
020 _a978-1-3500-8374-2
037 _aTB
040 _aCRL
_beng
_cCRL
041 _aeng
_2eng
084 _aP:33 R3
_qCRL
100 _aBaker Paul Au.
_9724127
245 0 _aUsing corpora in discourse anlysis
_cBaker Paul Au.
250 _a2nd
260 _aLondon, UK
_bBloomsbury
_c2023
300 _ax,263p.
365 _aUKP
_b28.99
650 _aLinguistic
_9558313
942 _cTB
_hP:33 R3
999 _c1229990
_d1229990